000 00588nam a2200181Ia 4500
005 20250508151309.0
008 008 250505s9999 xx 000 0 eng d
037 _aTextual
040 _aFEDL
_beng
_cFEDL
041 _aeng
_2eng
084 _a364.254, BAU
_qFEDL
100 _aBauchard Philippe
_9134951
245 0 _aChild audience : A report on press, film and radio for children
260 _aParis, France
_bUnited Nations Educational, Scientific and Cultural Organization
_c1952
300 _a198p.
942 _cTEXL
_h364.254, BAU
999 _c1328913
_d1328913